000 00389nam a2200145Ia 4500
008 230917s9999||||xx |||||||||||||| ||und||
040 _e227002
_aMAIN
041 _aEnglish
082 _a372.954558 S 82 J
100 _aSatbir Singh
245 0 _aJob satisfaction among government primary school teachers (A study of Rohtak Block).
260 _c2015
300 _a86 p.
942 _cTH
999 _c126447
_d126447